Statistics for Among Us Chain

Click here to take the quiz!

General Stats

  • This quiz has been taken 113 times
  • The average score is 19 of 25

Answer Stats

HintAnswer% Correct
Producer of Among UsInner{Sloth}
96%
What imposters do to crewmatesKill
95%
Job for crewmatesTask
93%
Task in AdminSwipe {Card}
93%
Color similar to greenLime
91%
___ is susRed
89%
Imposters can do this to O2, Reactor, Lights, etc.Sabotage
89%
Camera roomSecurity
86%
Decoration for your characterHat
86%
Imposters can close theseDoors
86%
Color of grassGreen
84%
There are upper and lower of this roomEngine
84%
Most dangerous room in the SkeldElectrical
83%
The room where the Stabilize Steering task is locatedNav
81%
Colorless colorWhite
81%
The game itselfAmong Us
75%
Color scrapped for being too close to brownTan
68%
Bright colorYellow
68%
What they do to impostersEject
60%
Task in PolusFix Weather {Node}
58%
Tap a button and wait 10 seconds{Data} Download
56%
YouTube series by GametoonsAmong Us {Logic}
55%
Common task in Mira HQ Admin{Enter} ID Code
51%
"An imposter's greatest asset"Vents
36%
What they do when someone is susEmergency Meeting
26%

Score Distribution

Percentile by Number Answered

Percent of People with Each Score

Your Score History

You have not taken this quiz